Entry Personal Name
Number of records used in: 1
001 - CONTROL NUMBER
003 - CONTROL NUMBER IDENTIFIER
005 - DATE AND TIME OF LATEST TRANSACTION
- control field:
20231206111627.0
008 - FIXED-LENGTH DATA ELEMENTS
- fixed length control field:
870226n| acannaab |n aaa
010 ## - LIBRARY OF CONGRESS CONTROL NUMBER
- LC control number:
n 86058274
040 ## - CATALOGING SOURCE
- Original cataloging agency:
DLC
- Transcribing agency:
DLC
- Modifying agency:
DLC
100 1# - HEADING--PERSONAL NAME
- Personal name:
Sowerby, Robin
670 ## - SOURCE DATA FOUND
- Source citation:
Virgil. Dryden's Aeneid, 1986:
- Information found:
t.p. (Robin Sowerby, lectr. in English, Univ. of Stirling)
670 ## - SOURCE DATA FOUND
- Source citation:
Pope, A. Selected poetry and prose, 1988:
- Information found:
CIP t.p. (Robin Sowerby) data sheet (b. 8/12/44)
670 ## - SOURCE DATA FOUND
- Source citation:
The classical legacy in Renaissance poetry, 1994:
- Information found:
CIP t.p. (Robin Sowerby) data sheet (Robin Edward Sowerby; b. 8 Dec. 1944)